¿Está en una Bandera Nacional? - Muerte Súbita - Estadísticas

Estadísticas generales
  • Esta prueba ha sido intentada 69 veces
  • La puntuación promedio es 12 de 20
Answers on the Grid
Answers color-coded by a green-red scale on the quiz's grid according to % correct below.
Águila
Árbol
Arcoiris
Automobil
Barco
Cita de la Biblia
Colmena
Corona
Dragón
Elefante
Estrella
Forma del País
Fuego
Lanza
Laurél
Línea del Ecuador
Llaves
Luna Cresciente
Mujer
Oso
Perro
Rifle
Rosa
Rueda de Queso
Serpiente
Sol
Texto Árabe
Texto Chino
Texto Cirílico
Texto en Latín
Tigre
Vaca
 
Estadísticas de respuestas
Respuesta % Correcto
Albania, México, ... Águila
92%
Liechtenstein, Montenegro, ... Corona
92%
Guinea Ecuatorial, Líbano... Árbol
87%
Estados Unidos, Brasil, ... Estrella
83%
Bután Dragón
79%
Chipre, Kosovo Forma del País
75%
Argentina, Japón, Namibia, Taiwán... Sol
69%
Afganistán, Arabia Saudí, Brunéi... Texto Árabe
69%
Argelia, Pakistán, ... Luna Cresciente
67%
Kenia, Esuatini, ... Lanza
65%
República Dominicana Cita de la Biblia
56%
Andorra, Belice, España, San Marino, ... Texto en Latín
52%
Mozambique, Guatemala Rifle
48%
Mongolia, Granada Fuego
44%
México Serpiente
42%
El Salvador, Nicaragua Arcoiris
37%
Belice, Ecuador Barco
35%
Ciudad del Vaticano Llaves
35%
Cabo Verde, Naurú Línea del Ecuador
31%
Andorra, Moldavia Vaca
15%
No se encontraron pruebas coincidentes
Distribución de puntuación
Porcentaje de gente con cada puntuación
Porcentaje por número respondido
Historial de tus puntuaciones
No has intentado esta prueba.